The Book of Days A resource book of activities for special days in the year

Na minha lista:
Detalhes bibliográficos
Autor principal: Wallwork, Adrian
Formato: Livro
Idioma:inglês
Publicado em: Cambridge Cambridge University Press 2005
Edição:1. ed. 6.printing
Assuntos:
Acesso em linha:View in OPAC
Tags: Adicionar Tag
Sem tags, seja o primeiro a adicionar uma tag!

MARC

LEADER 00000nam a2200000 a 4500
005 20260127134226.0
008 050419 2005 enk 000 0 eng d
020 |a 0521626129 
035 |a vtls001560565 
039 9 |y 200504191017  |z mschk03 
040 |a STUSCHK1  |b slo  |c STUSCHK1  |e AACR2 
080 |a 802.0 
100 1 |a Wallwork, Adrian 
245 1 |a The Book of Days  |b A resource book of activities for special days in the year 
250 |a 1. ed. 6.printing 
260 |a Cambridge  |b Cambridge University Press  |c 2005 
300 |a 112 s. 
650 0 |a angličtina  |x učebnica 
910 |a SCHK95 
919 |a 0-521-62612-9 
999 |c 7192  |d 7192